000 00700nam a22002297a 4500
999 _c21349
_d21349
003 AR-CdUCM
008 190313b ||||| |||| 00| 0 spa d
040 _aMUNICIPALIDAD PROVINCIAL DEL CUSCO
_cBIBLIOTECA MUNICIPAL DEL CUSCO
082 _aES/869.56/B42
_bB42
100 _aBenavides Parra, Julio
_944516
245 _aCónclave para el verso :
_bantología de poesía contemporánea /
260 _aCusco ;
_bPerfecto vicio,
_c2018.
300 _a99 Páginas ;
_c21cm.
500 _aPoesias
650 _aPoesías Cusqueñas
_96460
650 _aPerú
_944517
650 _aSiglo XX
_98
650 _aLiteratura
_983
650 _aRomanticismo
_944518
942 _2ddc
_cLIBROS
945 _aRoel